HOSPITALITY, TOURISM AND LEISURE MANAGEMENT (Record no. 229506)

MARC details
000 -LEADER
fixed length control field 00374pam a2200157 a 4500
020 ## - INTERNATIONAL STANDARD BOOK NUMBER
Terms of availability
041 ## - LANGUAGE CODE
Language code of original
082 ## - DEWEY DECIMAL CLASSIFICATION NUMBER
Classification number 647.94068
100 ## - MAIN ENTRY--PERSONAL NAME
Personal name ED BY MALCOIM
Relator term Author
245 ## - TITLE STATEMENT
Title HOSPITALITY, TOURISM AND LEISURE MANAGEMENT
Statement of responsibility, etc. ED BY MALCOIM
Medium Textual Documents
260 ## - PUBLICATION, DISTRIBUTION, ETC.
Name of publisher, distributor, etc. Cassell
300 ## - PHYSICAL DESCRIPTION
Extent 262
653 ## - INDEX TERM--UNCONTROLLED
Uncontrolled term hotel management
700 ## - ADDED ENTRY--PERSONAL NAME
Relator term Co-Author
930 ## - EQUIVALENCE OR CROSS-REFERENCE-UNIFORM TITLE HEADING [LOCAL, CANADA]
Uniform title 2105
Holdings
Withdrawn status Lost status Damaged status Not for loan Collection Home library Current library Date acquired Source of acquisition Cost, normal purchase price Total Checkouts Full call number Barcode Date last seen Copy number Price effective from Koha item type
          Institute of Hotel Management & Catering Technology, Pune Institute of Hotel Management & Catering Technology, Pune 07/07/2005 Classic Pune 995.00   647.94068 HMP-DIP-1603 07/03/2023 1 07/03/2023 Book